00998nam a2200229 a 450000100100000000500170001000800410002702000150006804000250008308200150010824501740012326000370029730000260033449000470036050000350040750000730044270000300051570000390054583000540058495201130063899900170075100004505220201002045834.0150130s1980 mx 000 0 spa d a0070095892 aDO-SdBNPbspacBNPHU axxxxbxxxx00aControl futuro del comercio de armas /cAnne Hessing Cahn... [et al.] ; introducción de David C. Gompert y Alexander R. Vershbow ; traducción, Benjamín Bárcenas. aMéxico :bPubligrafics,c1980. axii, 191 p. ;c21 cm.1 a1980s project/Council on Foreign Relations aControlling future arms trade. aIncluye referencias bibliográficas y notas al pie de las páginas1 aCahn, Anne Hessing9730571 aBárcenas, Benjamínetr.973058 0a1980s project/Council on Foreign Relations973059 001050718MOaGRbGRcCTd2015-01-30iLF1l0oxxxx xxxxp45052-10r2020-06-25w2020-06-25y1ZNo se presta c44541d44541